000 00564nam a2200205Ia 4500
003 GCL
008 140319s9999 xx 000 0 eng d
040 _aGCL /
_cGCL
082 0 4 _a747.3
_bS W
100 1 _aSUNSET BOOKS
245 1 0 _aWALL COVERINGS: PANELING WALLPSPERING FABRICS PAINTING /
_cSUNSET BOOKS
700 1 _aSUNSET MAGAZINE
700 1 _aINTERION DECA\OATION
700 1 _aWALL COVERINGS
260 _a[S.N] :
_bLANE PUBLISHING CO. ،
_c1987
300 _a96 P
650 0 4 _aWALL COVERINGS
650 0 4 _aINTERIOR DECORATION
942 _2ddc
_cBK
999 _c12644
_d12644